Vzájomné interakcie materiálov v zmiešaných objektoch súčasného umenia

Saved in:
Bibliographic Details
Main Author: Hlivjaková, Michaela (Author)
Other Authors: Kučíková, Katarína (Thesis advisor)
Format: Manuscript Book
Language:Slovak
Published: 2023
Subjects:
Online Access:http://is.stuba.sk/zp/portal_zp.pl?podrobnosti=169487
Tags: Add Tag
No Tags, Be the first to tag this record!

MARC

LEADER 00000ntm a22000003a 4500
001 stuzp93460
003 SK-STU
005 20230909215112.1
007 ta
008 150427s2015----xo-----f-mn---000-0-slo-d
040 |a STU  |b slo 
041 0 |a slo 
100 1 |a Hlivjaková, Michaela  |u 049380  |4 aut  |U FCHPT Ústav prírodných a syntetických polymérov  |T FCHPT Oddelenie dreva, celulózy a papiera  |X 86700  |U C9380  |Y 129  |7 86700 
242 0 1 |a Interactions of materials in mixed objects of contemporary art  |y eng 
245 1 0 |a Vzájomné interakcie materiálov v zmiešaných objektoch súčasného umenia 
260 |c 2023 
650 4 |a kultúrne dedičstvo  |2 slo 
650 4 |a degradácia  |2 slo 
650 4 |a zmiešané objekty  |2 slo 
650 4 |a polyvinylchlorid  |2 slo 
650 4 |a papier  |2 slo 
650 4 |a cultural heritage  |2 eng 
650 4 |a polyvinyl chloride  |2 eng 
650 4 |a paper  |2 eng 
650 4 |a degradation  |2 eng 
650 4 |a material-mixed objects  |2 eng 
700 1 |a Kučíková, Katarína  |u 049380  |k Z2  |4 ths  |U FCHPT Ústav prírodných a syntetických polymérov  |T FCHPT Oddelenie dreva, celulózy a papiera  |X 40577  |U C9380  |Y 129  |7 A0000040577 
856 4 |u http://is.stuba.sk/zp/portal_zp.pl?podrobnosti=169487